مكتبة جامعة عجلون الوطنية

فهرس بحث المكتبة

Normal view MARC view
  • تاريخ القدس-الحضارات القديمة-ما قبل التاريخ-تحرير صلاح الدين للقدس 1187-التاريخ القديم

Entry Topical Term

Number of records used in: 1

001 - CONTROL NUMBER

  • control field: 63802

003 - CONTROL NUMBER IDENTIFIER

  • control field: JO-AjAnu

005 - DATE AND TIME OF LATEST TRANSACTION

  • control field: 20230606084419.0

008 - FIXED-LENGTH DATA ELEMENTS

  • fixed length control field: 230606|| aca||aabn | a|a d

040 ## - CATALOGING SOURCE

  • Original cataloging agency: JO-AjAnu
  • Transcribing agency: JO-AjAnu

150 ## - HEADING--TOPICAL TERM

  • Topical term or geographic name entry element: تاريخ القدس-الحضارات القديمة-ما قبل التاريخ-تحرير صلاح الدين للقدس 1187-التاريخ القديم

670 ## - SOURCE DATA FOUND

  • Source citation: Work cat.: (JO-AjAnu)32527: المهتدي، عبلة سعيد , author 63801, القدس الشريف: منظور جديد للارض،البشر والحجر(3000 ق.م-1517م)